Rhodesia : (Record no. 123159)
[ view plain ]
| 000 -LEADER | |
|---|---|
| fixed length control field | 01259cam a22003254a 4500 |
| 001 - CONTROL NUMBER | |
| control field | 12072313 |
| 003 - CONTROL NUMBER IDENTIFIER | |
| control field | ARRUPE |
| 005 - DATE AND TIME OF LATEST TRANSACTION | |
| control field | 20150827145026.0 |
| 008 - FIXED-LENGTH DATA ELEMENTS--GENERAL INFORMATION | |
| fixed length control field | 000622s2000 mdu b 001 0 eng |
| 010 ## - LIBRARY OF CONGRESS CONTROL NUMBER | |
| LC control number | 00056806 |
| 020 ## - INTERNATIONAL STANDARD BOOK NUMBER | |
| International Standard Book Number | 0761817964 (pbk : alk. paper) |
| 040 ## - CATALOGING SOURCE | |
| Original cataloging agency | DLC |
| Transcribing agency | DLC |
| Modifying agency | DLC |
| 042 ## - AUTHENTICATION CODE | |
| Authentication code | pcc |
| 043 ## - GEOGRAPHIC AREA CODE | |
| Geographic area code | f-rh--- |
| 050 00 - LIBRARY OF CONGRESS CALL NUMBER | |
| Classification number | DT2996 |
| Item number | .B49 2000 |
| 082 00 - DEWEY DECIMAL CLASSIFICATION NUMBER | |
| Classification number | 968.91 |
| Edition number | 21 |
| 300 ## - PHYSICAL DESCRIPTION | |
| Dimensions | 23 cm. |
| 100 1# - MAIN ENTRY--PERSONAL NAME | |
| Personal name | Beza, Jabulani. |
| 9 (RLIN) | 19045 |
| 245 10 - TITLE STATEMENT | |
| Title | Rhodesia : |
| Remainder of title | a lesson in African self-reliance / |
| Statement of responsibility, etc | Jabulani Beza. |
| 260 ## - PUBLICATION, DISTRIBUTION, ETC. (IMPRINT) | |
| Place of publication, distribution, etc | Lanham : |
| Name of publisher, distributor, etc | University Press of America, |
| Date of publication, distribution, etc | c2000. |
| 300 ## - PHYSICAL DESCRIPTION | |
| Extent | 169 p. ; |
| 504 ## - BIBLIOGRAPHY, ETC. NOTE | |
| Bibliography, etc | Includes bibliographical references (p. 153-160) and index. |
| 610 20 - SUBJECT ADDED ENTRY--CORPORATE NAME | |
| Corporate name or jurisdiction name as entry element | Organization of African Unity. |
| 9 (RLIN) | 19046 |
| 650 #0 - SUBJECT ADDED ENTRY--TOPICAL TERM | |
| Topical term or geographic name as entry element | Self-reliance |
| Geographic subdivision | Zimbabwe. |
| 9 (RLIN) | 19047 |
| 650 #0 - SUBJECT ADDED ENTRY--TOPICAL TERM | |
| Topical term or geographic name as entry element | Nationalism |
| Geographic subdivision | Zimbabwe. |
| 9 (RLIN) | 366 |
| 651 #0 - SUBJECT ADDED ENTRY--GEOGRAPHIC NAME | |
| Geographic name | Zimbabwe |
| General subdivision | Colonial influence. |
| 9 (RLIN) | 371 |
| 651 #0 - SUBJECT ADDED ENTRY--GEOGRAPHIC NAME | |
| Geographic name | Zimbabwe |
| General subdivision | Economic conditions |
| Chronological subdivision | 1980- |
| 9 (RLIN) | 15169 |
| 906 ## - LOCAL DATA ELEMENT F, LDF (RLIN) | |
| a | 7 |
| b | cbc |
| c | orignew |
| d | 1 |
| e | ocip |
| f | 20 |
| g | y-gencatlg |
| 942 ## - ADDED ENTRY ELEMENTS (KOHA) | |
| Source of classification or shelving scheme | Library of Congress Classification |
| Koha item type | Monograph ( Printed materials) |
| Withdrawn status | Lost status | Source of classification or shelving scheme | Damaged status | Not for loan | Collection code | Home library | Current library | Shelving location | Date acquired | Total Checkouts | Full call number | Barcode | Date last seen | Price effective from | Koha item type |
|---|---|---|---|---|---|---|---|---|---|---|---|---|---|---|---|
| Library of Congress Classification | Main Collection | ARRUPE LIBRARY | ARRUPE LIBRARY | Main Collection | 27/08/2015 | DT2996.B49 2000 | 46500004346 | 07/12/2017 | 27/08/2015 | Monograph ( Printed materials) |